Voxographie de Roger Carel en images - Statistiques

Statistiques générales
  • Ce quiz a été pris 6 042 fois
  • Le résultat moyen est 10 sur 16
Statistiques - réponses
Par images Réponse % Correct
Astérix
100%
Mickey Mouse
100%
Winnie l'ourson
98%
Idéfix
91%
Hercule Poirot
83%
C3PO
77%
Kermit la grenouille
64%
Jolly Jumper
59%
Fred Pierrafeu
54%
Jiminy Cricket
52%
Kaa
49%
Alf
47%
Horace Slughorn
33%
Maestro
32%
Pongo
32%
Elmer Fudd
22%
Aucun quiz correspondant
Distribution des résultats
% des personnes avec chaque résultat
Percentile par nombre de réponses
Votre historique - résultats
Vous n’avez pas pris ce quiz